Celestial shadows (Record no. 19112)

MARC details
000 -LEADER
fixed length control field 00688nam a2200217Ia 4500
003 - CONTROL NUMBER IDENTIFIER
control field IN-BaIIA
008 - FIXED-LENGTH DATA ELEMENTS--GENERAL INFORMATION
fixed length control field 211028s9999 xx 000 0 eng d
020 ## - INTERNATIONAL STANDARD BOOK NUMBER
International Standard Book Number 978-1-4939-1534-7
040 ## - CATALOGING SOURCE
Transcribing agency IIA Library
080 ## - UNIVERSAL DECIMAL CLASSIFICATION NUMBER
Universal Decimal Classification number 52(082.1)
Item number ASS-410
100 ## - MAIN ENTRY--PERSONAL NAME
Personal name Westfall, John
9 (RLIN) 36489
245 #0 - TITLE STATEMENT
Title Celestial shadows
Remainder of title eclipses, transits and occultations
Statement of responsibility, etc. John Westfall and William Sheehan
260 ## - PUBLICATION, DISTRIBUTION, ETC.
Place of publication, distribution, etc. New York
Name of publisher, distributor, etc. Springer
Date of publication, distribution, etc. 2015
300 ## - PHYSICAL DESCRIPTION
Extent xxiv, 713p.
650 ## - SUBJECT ADDED ENTRY--TOPICAL TERM
Topical term or geographic name entry element Eclipses
9 (RLIN) 909
650 ## - SUBJECT ADDED ENTRY--TOPICAL TERM
Topical term or geographic name entry element Lunar eclipses
9 (RLIN) 3371
650 ## - SUBJECT ADDED ENTRY--TOPICAL TERM
Topical term or geographic name entry element Occultations
9 (RLIN) 943
650 ## - SUBJECT ADDED ENTRY--TOPICAL TERM
Topical term or geographic name entry element Science - astronomy
9 (RLIN) 36158
700 ## - ADDED ENTRY--PERSONAL NAME
Personal name Sheehan, William
9 (RLIN) 21201
942 ## - ADDED ENTRY ELEMENTS (KOHA)
Koha item type Books
Holdings
Withdrawn status Lost status Damaged status Not for loan Home library Current library Shelving location Date acquired Source of acquisition Cost, normal purchase price Total Checkouts Full call number Barcode Date last seen Cost, replacement price Price effective from Koha item type Purchase Price
        IIA Library-Bangalore IIA Library-Bangalore General Stacks 10/09/2015 ANJ 8054.00   52(082.1)/ ASS-410 20034 05/11/2021 8054.00 10/09/2015 Books Rs. 8054.00

Powered by Koha